000 01742nam a2200241Ia 4500
008 260220t1987||||xx |||||||||||||| ||spa||
040 _aPY-SlUNAC
_bspa
_erda
041 _aspa
082 _a543
_bB758s
100 _aBrewer, Stephen
_eAutor
245 0 _aSolución de problemas de química analítica /
_cpor Stephen Brewer [Autor]
264 _aCiudad de México :
_bLimusa,
_c℗1987.
300 _a1 volumen
520 _aEl libro "Solución de problemas de química analítica" de Stephen Brewer es una obra que aborda de manera sistemática los desafíos y metodologías en el campo de la química analítica. A lo largo de sus capítulos, el autor presenta una variedad de técnicas y enfoques para la resolución de problemas complejos, enfatizando la importancia de la interpretación de datos y la elaboración de estrategias experimentales efectivas. Brewer explora temas como la validación de métodos analíticos, la gestión de errores y la optimización de procesos, ofreciendo ejemplos prácticos y casos de estudio que ilustran la aplicación de conceptos teóricos en situaciones reales. Además, el libro incluye ejercicios que permiten a los lectores aplicar los conocimientos adquiridos y desarrollar habilidades críticas en el análisis químico. La obra es un recurso valioso para estudiantes y profesionales que buscan profundizar en la química analítica y mejorar su capacidad para abordar problemas analíticos de manera eficaz y rigurosa.
653 _aMétodos de análisis
653 _aQuímica
653 _aQuímica analítica
942 _b2026/02/17
_cBK
999 _c7897
_d7897